Začni žiť odznova

Bibliographic Details
Main Author: Schlesinger, Miroslav, 1971- (Author)
Format: Book
Language:Slovak
PhysicalDescription:261 s. 21 cm
Published: Piešťany Občianske združenie Spoločne proti kriminalite 2016
ISBN:9788097246303
Subjects:

MARC

LEADER 00000nam a2200000 a 4500
001 vtls011609502
003 SK-MaSNL
005 20260301181313.0
008 240318s2016 xo g 000 f slo
015 |a SNBA2017/02 
020 |a 9788097246303  |q (brož.) 
035 |a urn:nbn:sk:snk-am00dh6f 
035 |a urn:nbn:sk:snk-am3i247 
035 |a 4697849D-EDDB-436A-B9A1-276E063F4DD8 
040 |a SNK  |b slo  |c SNK  |e AACR2 
041 0 |a slo 
044 |a xo  |c SK 
072 7 |a 821.162.4-3  |x Slovenská próza  |2 konspekt 
080 |a 821.162.4-31  |2 2011 
080 |a (0:82-311.6)  |2 2011 
100 1 |a Schlesinger, Miroslav,  |d 1971-  |4 aut  |9 218067 
245 1 0 |a Začni žiť odznova  |c Miroslav Schlesinger 
260 |a Piešťany  |b Občianske združenie Spoločne proti kriminalite  |c 2016 
300 |a 261 s.  |c 21 cm 
504 |a Zoz. autorových publikácií 
655 7 |a slovenské romány  |2 SNKPH  |9 70324 
655 7 |a Slovak fiction  |2 SNKPHeng  |9 277096 
655 7 |a historické romány  |2 SNKPH  |9 70253 
655 7 |a Historical novels  |2 SNKPHeng  |9 276887 
919 |a 978-80-972463-0-3 
958 |a LX 
999 |c 849492  |d 851422 
952 |a SNK  |b SNK  |y PREZ  |7 0  |p 17A1252702  |o snkSC 173020  |i snk2017/3473  |8 0  |0 0  |1 0  |4 0  |d 2017-02-07  |f 1  |l 0  |r 2025-09-11 00:00:00  |w 2026-02-24 
952 |a SNK  |b SNK  |y PREZ  |7 0  |p 17A1252703  |o snkSC 173020 D1  |i snk2017/3474  |8 0  |0 0  |1 0  |4 0  |d 2017-02-07  |l 0  |r 2026-02-24 04:37:39  |w 2026-02-24